Chemical plant and petroleum refinery piping /
Guardado en:
| Autor Corporativo: | |
|---|---|
| Formato: | Libro |
| Idioma: | English |
| Publicado: |
New York :
The América Society of Mechanical Engineers (ASME),
c1977.
|
| Materias: | |
| Etiquetas: |
Agregar Etiqueta
Sin Etiquetas, Sea el primero en etiquetar este registro!
|
| LEADER | 00844nam a22002055a 4500 | ||
|---|---|---|---|
| 001 | EIQ.libpla001349 | ||
| 008 | 060913s1977####nyua##########001#0#eng#d | ||
| 005 | 20070322192848.0 | ||
| 245 | 1 | 0 | |a Chemical plant and petroleum refinery piping / |c América National Standard, Code for Pressure Piping. |
| 260 | |a New York : |b The América Society of Mechanical Engineers (ASME), |c c1977. | ||
| 300 | |a xxix, 170 p. : |b il., tablas ; |c 29 cm. | ||
| 500 | |a "ANSI B31.3-1976". | ||
| 500 | |a Incluye índice. | ||
| 650 | 4 | |a Industrias químicas |x Tuberías. | |
| 650 | 4 | |a Industrias químicas |x Refinerías. | |
| 650 | 4 | |a Chemical industries |x Pipes. | |
| 650 | 4 | |a Chemical industries |x Refineries. | |
| 040 | |a AR-BbSID |b spa |c AR-BbSID | ||
| 110 | 2 | |a América National Standard. |b Code for Pressure Piping. | |
| 859 | |a AR-BbSID |b BIB. PLAPIQUI |h 621.867 2 |i Am 81 |k R |p 3305 |v B31.3 | ||
